000 00351nam a2200157Ia 4500
008 210716s1994 xx 000 0 und d
020 _a0380772574
041 _aeng
082 _a808.83 LOWE
100 _aLowell, Elizabeth.
245 _aEnchanted.
250 _a1
260 _aNew York
_bAvon Books
_c1994
300 _a395
650 _aNovels
999 _c200199
_d200199